The Merriam – Webster: Dictionary

Պահպանված է:
Մատենագիտական մանրամասներ
Ձևաչափ: Գիրք
Լեզու:English
Հրապարակվել է: Massachusetts, Estados Unidos Merriam–Webster 2004
Խորագրեր:
Ցուցիչներ: Ավելացրեք ցուցիչ
Չկան պիտակներ, Եղեք առաջինը, ով նշում է այս գրառումը!

MARC

LEADER 00000nam a22000007a 4500
008 180409b xxu||||| |||| 00| 0 eng d
020 |a 13978-087779-931-3 
040 |a cru BVZT 
090 |a R-413 M-1.1m ING-ING 
245 |a The Merriam – Webster: Dictionary  
260 |a Massachusetts, Estados Unidos  |c 2004  |b Merriam–Webster 
300 |a 972 páginas 
500 |a Contenido: Entradas Pronunciación Etiquetas funcionales Formas de inflexión Verbos Adjetivos y adverbios Etimología Uso Capitalización Referencias cruzadas Sinónimos Combinación de formas, prefijos y sufijos Lista de palabras indefinidas Abreviaturas y símbolos Verbos irregulares Gramática básica del inglés 
650 |a REFERENCIA  |9 27 
650 |a DICCIONARIO INGLÉS INGLÉS  |9 2243 
942 |c REF  |2 z  |j REF  |h R-413 M-1.1m ING-ING  |6 R413_M11M_INGING 
999 |c 31004  |d 31004